000 01074cam a2200133 4500500
005 20251214002834.0
041 _afre
042 _adc
100 1 0 _aRizk, Hadi
_eauthor
245 0 0 _aComprendre Spinoza
260 _bArmand Colin,
_c2008.
520 _aSpinoza est un philosophe à part : juif en rupture de ban dans l’Europe chrétienne du XVIIe siècle, disciple de Descartes, il vit de la fabrication de lunettes. Il développe parallèlement un système philosophique qui met hors jeu superstitions et illusions. Il démontre l’appartenance des choses à la réalité. Pour cette deuxième édition, de nouveaux éléments ont été ajoutés, notamment sur la question des sciences (biologie, sciences de l’esprit, linguistique, etc.), l’infini et le fini, le temps et l’éternité et la réflexion sur l’Histoire. Hadi Rizk est normalien, docteur en philosophie et professeur de chaire supérieure en philosophie au lycée Henri-IV.
856 4 1 _uhttps://shs.cairn.info/comprendre-spinoza--9782200355449?lang=fr&redirect-ssocas=7080
999 _c1567542
_d1567542